Open Data Biblioteca Nacional de Portugal


República Portuguesa: Ministério da Cultura
Biblioteca Nacional de Portugal

Catálogo da BNP: acesso por Identificadores Unívocos
Registos Bibliográficos associados ao registo de autoridade

Etiqueta de registo: 00000nkm 2200025 450
001 2276417
003 http://id.bnportugal.gov.pt/bib/catbnp/2276417
100 ## $a20260305d1994 m y0pory01030103ba
101 0# $apor$aeng
102 ## $aPT
200 1# $aEnotécnica '94, Salão de material de enologia e equipamento para vinificação, 6-10 abril, Exponor$bVisual gráfico]$fEXPONOR, Associação Industrial Portuguesa
210 #9 $aPorto$cEXPONOR,$d1994$e[S.l.] :$gW&R execução Tecniforma)
215 ## $a1 cartaz$ccolor.$d68x48 cm
317 ## $aColeção Madeira Luís
710 01 $aEnotécnica,$e[Porto],$f1994$31993658
712 02 $aEXPONOR$336187
712 02 $aAssociação Industrial Portuguesa$325147
801 #0 $aPT$bBN$gRPC
966 ## $lBN$mICONOG$sCT. 23529 A.$x3
971 ## $cCaticonografia6$d20260305
995 ## $aPRR2026

OpendataBNP@bnportugal.pt | Mais informação sobre acesso aos dados BNP